LEADER 01177cam0-2200349---450- 001 990004988950403321 005 20090716094117.0 035 $a000498895 035 $aFED01000498895 035 $a(Aleph)000498895FED01 035 $a000498895 100 $a19990604d1964----km-y0itay50------ba 101 0 $afre 102 $aFR 105 $aa-------001yy 200 1 $a<>Mystère des Cathédrales$eet l'interprétation ésotérique des symboles hermétique du grand oevre$fFulcanelli 205 $a3. éd augm.$favec trois préfaces de Eugène Canseliet$g49 illustrations ... de Pierre Jahan et un frontespice de Julien Champagne 210 $aParis$cJean-Jacques Pauvert$dc1964 215 $a243 p., XLIX tav.$cill.$d24 cm 610 0 $aCattedrali gotiche$aMotivi ermetici 676 $a149.3 700 0$aFulcanelli$0200282 702 1$aCanseliet,$bEugène 702 1$aChampagne,$bJulien 702 1$aJahan,$bPierre$f<1909-2003> 801 0$aIT$bUNINA$gRICA$2UNIMARC 901 $aBK 912 $a990004988950403321 952 $aP.1 FG 1353$bFil. Mod. 101958$fFLFBC 959 $aFLFBC 996 $aMystère des Cathédrales$9531067 997 $aUNINA LEADER 02509nam 2200541 450 001 9910788739303321 005 20170822144131.0 010 $a1-4704-0267-X 035 $a(CKB)3360000000464860 035 $a(EBL)3114467 035 $a(SSID)ssj0000888778 035 $a(PQKBManifestationID)11456884 035 $a(PQKBTitleCode)TC0000888778 035 $a(PQKBWorkID)10867686 035 $a(PQKB)10485618 035 $a(MiAaPQ)EBC3114467 035 $a(RPAM)11767667 035 $a(PPN)195415604 035 $a(EXLCZ)993360000000464860 100 $a19990720h19991999 uy| 0 101 0 $aeng 135 $aur|n|---||||| 181 $ctxt 182 $cc 183 $acr 200 10$aAsymptotics for solutions of linear differential equations having turning points with applications /$fS. Strelitz 210 1$aProvidence, Rhode Island :$cAmerican Mathematical Society,$d[1999] 210 4$d©1999 215 $a1 online resource (105 p.) 225 1 $aMemoirs of the American Mathematical Society,$x0065-9266 ;$vnumber 676 300 $a"November 1999, volume 142, number 676 (second of 4 numbers)." 311 $a0-8218-1352-8 320 $aIncludes bibliographical references (page 88). 327 $a""Table of Contents""; ""Chapter 1: The Construction of Asymptotics""; ""A?1 Introduction""; ""A?2 Formulation of the main result""; ""A?3 The main auxiliary lemma""; ""A?4 The equation Y[sup(n)] = I?»p[sub(0)]X[sup(I?±Y)]""; ""A?5 Asymptotics in [0, x[sub(0)]""; ""A?6 Asymptotics in [x*, l]""; ""A?7 Proof of Theorem 1""; ""A?8 Completion of the proof of Theorem 1 and of Theorem 2""; ""Chapter 2: Application: Existence and Asymptotics of Eigenvalues""; ""A?1 Introduction""; ""A?2 Boundary problem for a second order equation"" 327 $a""A?3 Boundary problem for a third order equation. Existence of eigenvalues""""A?4 Asymptotics for eigenvalues sequences""; ""References"" 410 0$aMemoirs of the American Mathematical Society ;$vno. 676. 606 $aDifferential equations, Linear$xAsymptotic theory 615 0$aDifferential equations, Linear$xAsymptotic theory. 676 $a510 s 676 $a515/.354 700 $aStrelitz$b S$g(Shlomo),$f1923-$01567026 801 0$bMiAaPQ 801 1$bMiAaPQ 801 2$bMiAaPQ 906 $aBOOK 912 $a9910788739303321 996 $aAsymptotics for solutions of linear differential equations having turning points with applications$93838095 997 $aUNINA